Moons of Neptune - Statistics

General Stats
  • This quiz has been taken 378 times
  • The average score is 6 of 13
Answer Stats
Answer % Correct
Triton
93%
Nereid
62%
Proteus
54%
Larissa
47%
Naiad
40%
Thalassa
39%
Neso
38%
Despina
37%
Galatea
36%
Sao
36%
Laomedeia
28%
Psamathe
28%
Halimede
25%
No matching quizzes found
Score Distribution
Percent of People with Each Score
Percentile by Number Answered
Your Score History
You have not taken this quiz